01681nam a2200433 i 450000100060000000300080000600500170001400600190003100700150005000800410006502000180010602000270012403500230015103500240017403500250019803500210022304000310024405000220027508000080029708200150030510000240032024501230034426400370046730000530050433600310055733700330058833800430062149000960066450000230076058801250078365000330090865000400094165000260098165000310100765500270103870000230106583000970108885600620118591039FlNmELB20241217172005.0m o d | cr cnu||||||||160314s2014 sp o 001 0 spa d z9788416338009 a9788415884866 (e-book) a(MiAaPQ)EBC4310301 a(Au-PeEL)EBL4310301 a(CaPaEBR)ebr11148533 a(OCoLC)984780811 aFINmELBbspaerdacFINmELB 4aTH7413bM538 2014 a6970 a697.782231 aMendioroz, Belén.10aMontaje mecánico e hidráulico de instalaciones solares térmicas (MF0602) /cBelén Mendioroz, Eduardo Sañudo. 1a[Lorquí] :bCano Pina,c[2014] a1 recurso en línea (149 páginas sin numerar) atextobtxt2rdacontent/spa acomputadorabc2rdamedia/spa arecurso en líneabcr2rdacarrier/spa1 aCertificado de profesionalidad. Montaje y mantenimiento de instalaciones solares térmicas aContiene índice. aDescripción basada en recurso en línea; Título de la página del título en PDF (e-libro, visto March 14, 2016). 0aSolar heatingxInstallation. 4aCalefacción solarxInstalación. 0aSolar thermal energy. 4aEnergía solar térmica. 4aLibros electrónicos.1 aSañudo, Eduardo. 0aCertificado de profesionalidad. Montaje y mantenimiento de instalaciones solares térmicas.40uhttps://elibro.net/ereader/politecnicointernacional/43121